000 00285nam a2200121Ia 4500
008 240624s9999 xx 000 0 und d
041 _aeng
082 _a823 ADI
100 _aADICHIE CHIMAMANDA NGOZI
245 _aAMERICANAH
260 _c2017
_aLondon
_bHarper Collins
365 _cRS
999 _c30218
_d30218